01369cam a22003254a 45000010009000000050017000090080041000260100017000670150019000840160018001030200028001210350023001490400055001720420008002270430012002350500022002471000022002692450106002912500026003972600055004233000046004785040050005246500045005746500069006196510060006887000021007488560077007698560091008468560106009371385004020170121113704.0050125s2005 nyua b 000 0 eng  a 2005002264 aGBA5467252bnb7 a0132108692Uk a1568985452 (alk. paper) a(OCoLC)ocm57514739 aDLCcDLCdYDXdUKMdBAKERdIXAdMUQdUBYdYUSdDLC apcc an-us-ny00aNA6232b.N37 20051 aNash, Eric Peter.10aManhattan skyscrapers /cEric P. Nash ; photographs by Norman McGrath ; introduction by Carol Willis. aRev. and expanded ed. aNew York :bPrinceton Architectural Press,cc2005. axi, 197 p. :bchiefly col. ill. ;c32 cm. aIncludes bibliographical references (p. 193). 0aSkyscraperszNew York (State)zNew York. 0aArchitecturezNew York (State)zNew YorkxHistoryy20th century. 0aManhattan (New York, N.Y.)xBuildings, structures, etc.1 aMcGrath, Norman.413Table of contentsuhttp://www.loc.gov/catdir/toc/ecip057/2005002264.html423Publisher descriptionuhttp://www.loc.gov/catdir/enhancements/fy0722/2005002264-d.html423Contributor biographical informationuhttp://www.loc.gov/catdir/enhancements/fy0738/2005002264-b.html